Religionless Christianity : Dietrich Bonhoeffer in troubled times / (Record no. 20287)
[ view plain ]
| 000 -LEADER | |
|---|---|
| fixed length control field | 01348nam a2200217 a 4500 |
| 003 - CONTROL NUMBER IDENTIFIER | |
| control field | PILC |
| 005 - DATE AND TIME OF LATEST TRANSACTION | |
| control field | 20250619135856.0 |
| 008 - FIXED-LENGTH DATA ELEMENTS--GENERAL INFORMATION | |
| fixed length control field | 120810s2008 xx 00 eng d |
| 010 ## - LIBRARY OF CONGRESS CONTROL NUMBER | |
| LC control number | Acc#42689 |
| 020 ## - INTERNATIONAL STANDARD BOOK NUMBER | |
| International Standard Book Number | 9780567032591 |
| 040 ## - CATALOGING SOURCE | |
| Transcribing agency | Philippine Baptist Theological Seminary |
| 050 ## - LIBRARY OF CONGRESS CALL NUMBER | |
| Classification number | BX 4827 .B57 |
| Item number | P964 2008 |
| 100 10 - MAIN ENTRY--PERSONAL NAME | |
| Personal name | Pugh, Jeffrey C. |
| 245 10 - TITLE STATEMENT | |
| Title | Religionless Christianity : Dietrich Bonhoeffer in troubled times / |
| Statement of responsibility, etc. | Jeffrey C. Pugh. |
| 264 ## - PRODUCTION, PUBLICATION, DISTRIBUTION, MANUFACTURE, AND COPYRIGHT NOTICE | |
| Place of production, publication, distribution, manufacture | New York, New York : |
| Name of producer, publisher, distributor, manufacturer | T & T Clark, |
| Date of production, publication, distribution, manufacture, or copyright notice | 2008. |
| 300 ## - PHYSICAL DESCRIPTION | |
| Extent | xii, 171 p. ; 23 cm. |
| 505 ## - FORMATTED CONTENTS NOTE | |
| Formatted contents note | WHY BONHOEFFER? WHY NOW?; Whose Bonhoeffer?; Is Bonhoeffer Still Relevant? Reading Bonhoeffer in Troubled Times-- A LIFE AMONG THE FRAGMENTS; Shattering the Already Broken; Resistance? A Costly Grace; On a Long Distant Shore-- LIVING IN THE WORLD COME OF AGE; Science, a New Authority; What is the World for Us?; It's All About the Money--THE ECLIPSE OF RELIGION? BONHOEFFER AND RELIGIONLESS CHRISTIANITY: Struggling in the Garden; Standing with the Suffering-- CONFRONTING THE POWERS; Befriending the Empire; I Pledge Allegiance to...?; How Does Christ Take from in the World Today?; Thus Have We Made the World--WHAT IS CHRISTIANITY FOR US TODAY?; Gather at the Table ; A Tale of Two Traditions. |
| 650 ## - SUBJECT ADDED ENTRY--TOPICAL TERM | |
| Topical term or geographic name as entry element | BONHOEFFER, DIETRICH, 1906-1945 |
| 650 ## - SUBJECT ADDED ENTRY--TOPICAL TERM | |
| Topical term or geographic name as entry element | THEOLOGY |
| 942 ## - ADDED ENTRY ELEMENTS (KOHA) | |
| Koha item type | Circulation Books |
| Source of classification or shelving scheme | Dewey Decimal Classification |
| Withdrawn status | Lost status | Source of classification or shelving scheme | Damaged status | Not for loan | Home library | Current library | Shelving location | Date acquired | Cost, normal purchase price | Total Checkouts | Total Renewals | Full call number | Barcode | Date last seen | Date last checked out | Price effective from | Koha item type |
|---|---|---|---|---|---|---|---|---|---|---|---|---|---|---|---|---|---|
| Dewey Decimal Classification | PBTS Library | PBTS Library | Circulation Section | 08/10/2012 | 1958.00 | 7 | 3 | BX 4827 .B57 P964 2008 | 42689 | 03/09/2026 | 04/08/2020 | 04/02/2015 | Circulation Books |